000 00411cam a2200181ua 4500
001 22081
008 160708n2006 II |||gr||||Z||||||eng
040 _aMAIN
041 _aEnglish
082 _a
100 _aCHACRAVARTY, S.K.
245 _aACLASS BOOK OF MATHEMATICS
250 _aREP.
260 _aNEW DELHI
_bS.CHAND & COMPANY
_c2006
300 _a403.:
_c20CM.
700 _aBHAGAWATI.
942 _cBK
999 _c21941
_d21941